000 00432nam a2200157 i 4500
001 20847
003 ES-MaACL
005 20230906152356.0
007 t|
008 021119s1970 sp ||||1| spa d
100 1 _aAdonell Fosas, Juan.
_918462
245 1 3 _aLa producción de carne /
_cJuan Adonell Fosas.
260 _aBarcelona :
_bSintes,
_c[1970]
300 _a229 p. :
_bil. ;
_c18 cm.
852 _aES-MaACL
_jC-42052
_bR.76336
999 _c20847
_d20847